• 首页
  • 本馆介绍
  • 公告通知
  • 最新文献
  • 馆藏检索
  • 电子资源
  • 读者导购
  • 参考咨询
  • 我的图书馆
  • 登录
  • 详细信息显示
  • 放入我的书架
  • 预约/预借图书
  • 作者相关作品
  • 分类相关作品
  • 丛书相关作品
  • 出版社相关作品

书目信息

  • 表格格式
  • 工作单格式
  • 卡片格式
题名:
微型计算机常用软件使用手册
    
 
作者: 袁忠良 , 袁津生 编
分册:  
出版信息: 北京   机械工业出版社  1992.1
页数: 397页
开本: 19cm
丛书名:
单 册:
中图分类: TP316 , TP311
科图分类:
主题词: 程序系统-微型计算机--手册 , 微型计算机-程序系统--手册
电子资源:
ISBN: 7-111-02805-8
000 01012nam0 2200265 45
001 0192012307
005 20061122161600.65
010    @a7-111-02805-8@dCNY8.20
100    @a19920511d1992 em y0chiy0121 ea
101 0  @achi
102    @aCN@b110000
105    @ay z 000yy
200 10 @a微型计算机常用软件使用手册@AWEI XING JI SUAN JI CHANG YONG RUAN JIAN SHI YONG SHOU CE@f袁忠良,袁津生编@FYUAN ZHONG LIANG , YUAN JIN SHENG BIAN
210    @a北京@c机械工业出版社@d1992.1
215    @a397页@d19cm
330    @a本书重点介绍PC-DOS的使用、操作、CCDOS的使用、操作、工具软件(PCTOOLS)的使用、操作等。简明扼要地介绍了IBM-PC/XT/AT及其兼容机长城0520A、C~H常用软件的操作与使用。
540 1  @a微机 软件 使用@AWEI JI RUAN JIAN SHI YONG
606    @a程序系统-微型计算机@x手册
606    @a微型计算机-程序系统@x手册
690    @aTP316@v三版
690    @aTP311@v3
701  0 @a袁忠良@AYUAN ZHONG LIANG@4编
701  0 @a袁津生@AYUAN JIN SHENG@4编
801  0 @aCN@bTSSF@c20061122
905    @a10447@dTP311@e223
    
    微型计算机常用软件使用手册/袁忠良,袁津生编.-北京:机械工业出版社,1992.1
    397页;19cm
    
    
    ISBN 7-111-02805-8:CNY8.20
    本书重点介绍PC-DOS的使用、操作、CCDOS的使用、操作、工具软件(PCTOOLS)的使用、操作等。简明扼要地介绍了IBM-PC/XT/AT及其兼容机长城0520A、C~H常用软件的操作与使用。
●
相关链接 在E读中查询图书 在五车中查询图书 在当当中查询图书 在豆瓣中查询图书


正题名:微型计算机常用软件使用手册     索取号:TP311/223         预约/预借

序号 登录号 条形码 馆藏地/架位号 状态 备注
1 0267530   001338109   第二样本阅览室/ [索取号:TP311/223] 在馆    
唐山师范学院图书馆 欢迎您!
大连网信软件有限公司© 版权所有